[Event "Challengers' Cup"]
[Site "Seattle, WA"]
[Date "2014.10.26"]
[Round "4"]
[White "Zhang Cheyenne  (WA)"]
[Black "Mathews Daniel  (WA)"]
[Result "1/2-1/2"]
[WhiteElo "1408"]
[BlackElo "1760"]
[Annotator ""]
[Source ""]
[Remark "Reserve"]

1.c4 e5 2.Nc3 Nf6 3.g3 c6 4.Bg2 d6 5.d3 Be6 6.Nf3 h6 7.O-O Be7
8.b4 Nbd7 9.a4 d5 10.cxd5 Nxd5 11.Nxd5 Bxd5 12.Bd2 O-O 13.e4
Be6 14.Bc3 Bg4 15.Qc2 Bxf3 16.Bxf3 Bf6 17.Bg2 Re8 18.f4 Nf8 19.fxe5
Bxe5 20.Bxe5 Rxe5 21.Qc4 Ne6 22.Rad1 Qd4+ 23.Kh1 Rf8 24.Rf5 Rxf5
25.exf5 Qxc4 26.dxc4 Rd8 27.Rxd8+ Nxd8 28.b5 Kf8 29.Kg1 Ke7 30.Kf2
Kd6 31.Ke3 cxb5 32.axb5 Ke5 33.g4 b6 34.Bd5 g6 35.fxg6 fxg6 36.Be4
h5 37.g5 Ne6 38.Bxg6 h4 39.Kf3 Nxg5+ 40.Kg4 Kf6 41.Bd3 Ne6 42.Kxh4
Nc5 43.Be2 a5 44.bxa6 Nxa6 45.Kg4 Nc5 46.h4 Ne4 47.h5 Kg7 48.Kf4
Nd6 49.Kg5 Nxc4 50.Bxc4 Kh8 51.Bd3 Kg7 52.h6+ Kh8 53.h7 Kg7 54.Bg6
Kh8 55.Kh5 Kg7 56.Kg5 Kh8 57.Kf6 b5 58.Kg5 Kg7 1/2-1/2

[Event "Challengers' Cup"]
[Site "Seattle, WA"]
[Date "2014.10.26"]
[Round "4"]
[White "Smith Catherine M  (WA)"]
[Black "Balchand Suraj A  (WA)"]
[Result "1-0"]
[WhiteElo "1624"]
[BlackElo "1351"]
[Annotator ""]
[Source ""]
[Remark "Reserve"]

1.e4 e5 2.Nf3 Nc6 3.Bc4 h6 4.Nc3 Nf6 5.h3 Be7 6.d3 d6 7.Be3 O-O
8.Qd2 Be6 9.Bb3 Nh7 10.Nd5 Re8 11.g4 Bg5 12.Nxg5 Nxg5 13.Bxg5
hxg5 14.O-O-O Nd4 15.Ne3 Bxb3 16.cxb3 g6 17.Ng2 Kg7 18.Qe3 Rh8
19.Ne1 a5 20.Nf3 Nxf3 21.Qxf3 b5 22.d4 Qe8 23.dxe5 dxe5 24.Rd3
Qe7 25.Rhd1 Rad8 26.Rxd8 Rxd8 27.Rxd8 Qxd8 28.Qc3 Qd4 29.Qxc7
Qxe4 30.Qxa5 Qh1+ 31.Kd2 Qxh3 32.Qxb5 Qf3 33.Qxe5+ f6 34.Qe7+
Kg8 35.Qc5 Qf4+ 36.Kc3 Qc1+ 37.Kb4 Qxb2 38.a4 Qd2+ 39.Kb5 Qe2+
40.Qc4+ Qxc4+ 41.Kxc4 f5 42.f3 fxg4 43.fxg4 Kf7 1-0

[Event "Challengers' Cup"]
[Site "Seattle, WA"]
[Date "2014.10.26"]
[Round "4"]
[White "Tan Alan  (WA)"]
[Black "Puri Ishaan  (WA)"]
[Result "1-0"]
[WhiteElo "1607"]
[BlackElo "1624"]
[Annotator ""]
[Source ""]
[Remark "Reserve"]

1.c4 g6 2.Nc3 Bg7 3.g3 Nf6 4.Bg2 O-O 5.Nf3 c6 6.O-O e6 7.d4 d5
8.Bg5 h6 9.Bxf6 Bxf6 10.e3 Nd7 11.Rc1 dxc4 12.Nd2 e5 13.d5 Nc5
14.dxc6 Be6 15.cxb7 Rb8 16.Nce4 Nd3 17.Rc3 Be7 18.Nxc4 Bxc4 19.Rxc4
f5 20.Qb3 Kh7 21.Rd1 fxe4 22.Bxe4 Qa5 23.Ra4 Qc7 24.Qxd3 Rfd8
25.Qb1 Qb6 26.Rxd8 Rxd8 27.b3 Bc5 28.Qe1 Rf8 29.Rc4 Qd6 30.b4
Bb6 31.Rc6 Qe7 32.Rxg6 Kh8 33.Rxh6+ Kg8 34.Qe2 Rf7 35.b8R+ Bd8
36.Bd5 Kf8 37.Bxf7 Kg7 38.Qg4+ Qg5 39.Qxg5+ Bxg5 40.Rg6+ Kxf7
41.Rxg5 Kf6 42.h4 e4 43.Re8 a5 44.b5 a4 45.b6 a3 46.b7 Kf7 47.Rf5+
Kg6 48.b8Q Kxf5 49.Qe5+ Kg4 50.Qg5+ Kf3 51.Qh5# 1-0

[Event "Challengers' Cup"]
[Site "Seattle, WA"]
[Date "2014.10.26"]
[Round "4"]
[White "Lewis-Sandy Joshua  (WA)"]
[Black "Rajagopal Maneesh  (WA)"]
[Result "1/2-1/2"]
[WhiteElo "1301"]
[BlackElo "1522"]
[Annotator ""]
[Source ""]
[Remark "Reserve"]

1.d4 Nf6 2.Nf3 e6 3.c4 Bb4+ 4.Nc3 Bxc3+ 5.bxc3 c5 6.Bg5 Qa5 7.Qd3
Ne4 8.Bd2 Nxd2 9.Qxd2 Qc7 10.dxc5 Qxc5 11.Qd4 Qf8 12.e3 Nc6 13.Qd2
b6 14.Be2 Ba6 15.Rd1 Qe7 16.Nd4 O-O 17.O-O Ne5 18.Nb5 Rfc8 19.Qd4
Nc6 20.Qxd7 Qxd7 21.Rxd7 Bxb5 22.cxb5 Ne5 23.Rd2 Rxc3 24.Rfd1
Rf8 25.f4 Nc4 26.Bxc4 Rxc4 27.Rb2 Rc7 28.Kf2 g6 29.h4 Rfc8 30.Kf3
Kg7 31.a4 Rc4 32.Ra2 R4c5 33.Rd7 R5c7 34.Rad2 Kf6 35.g4 Kg7 36.g5
Kf8 37.Rxc7 Rxc7 38.Rd8+ Kg7 39.Ra8 Rd7 40.Kg4 f5+ 41.Kf3 Kf7
42.Rh8 Kg7 43.Re8 Kf7 44.Rh8 Kg7 45.Re8 Kf7 46.Rh8 Kg7 1/2-1/2

[Event "Challengers' Cup"]
[Site "Seattle, WA"]
[Date "2014.10.26"]
[Round "4"]
[White "Cross Jason  (WA)"]
[Black "Chen Brian  (WA)"]
[Result "1/2-1/2"]
[WhiteElo "1528"]
[BlackElo "1483"]
[Annotator ""]
[Source ""]
[Remark "Reserve"]

1.c4 Nf6 2.Nc3 g6 3.g3 Bg7 4.Bg2 O-O 5.Nf3 d5 6.cxd5 Nxd5 7.O-O
Nxc3 8.bxc3 c5 9.Rb1 Nc6 10.c4 Na5 11.d3 Rb8 12.Bf4 Ra8 13.Qd2
Nc6 14.Bh6 Qa5 15.Qe3 Qxa2 16.Bxg7 Kxg7 17.Rfe1 Qa3 18.Rb5 b6
19.Reb1 Qc3 20.R5b3 Qf6 21.Ne5 Nxe5 22.Bxa8 Ng4 23.Qf3 Bf5 24.Kg2
Rxa8 25.h3 Bxd3 26.Qxf6+ Kxf6 27.Rxd3 Ne5 28.Rc3 Rd8 29.f4 Nc6
30.Rd3 Rd4 31.Rxd4 Nxd4 32.Kf2 e5 33.e3 Nf5 34.Ra1 exf4 35.exf4
Nd6 36.Rxa7 Nxc4 37.Rb7 h5 38.Ke2 Ke6 39.Kd3 Nb2+ 40.Kc2 Nc4
41.Kc3 Ne3 42.Rxb6+ Kd7 43.Rb7+ Ke6 44.Kd3 Nf5 45.Rb6+ Ke7 46.g4
hxg4 47.hxg4 c4+ 48.Kc3 Ne3 49.Rb7+ Ke6 1/2-1/2

[Event "Challengers' Cup"]
[Site "Seattle, WA"]
[Date "2014.10.26"]
[Round "5"]
[White "Lee Addison  (WA)"]
[Black "Anthony Ralph  (WA)"]
[Result "1-0"]
[WhiteElo "1527"]
[BlackElo "1667"]
[Annotator ""]
[Source ""]
[Remark "Reserve"]

1.d4 Nf6 2.c4 e5 3.e3 e4 4.g3 c6 5.Ne2 d5 6.cxd5 cxd5 7.Nbc3
Nc6 8.Nf4 Bg4 9.Be2 Bxe2 10.Qxe2 g5 11.Ng2 Rc8 12.a3 Be7 13.h4
g4 14.Nf4 Qd7 15.Bd2 Na5 16.Rb1 Nc4 17.O-O O-O 18.Rfc1 Rc7 19.Na2
Rfc8 20.Bb4 Bd8 21.b3 a5 22.bxc4 axb4 23.axb4 Rxc4 24.Rxc4 Rxc4
25.Qd2 b5 26.Ne2 Be7 27.Rc1 Qc6 28.Rxc4 Qxc4 29.Qb2 Ne8 30.Nec3
Nc7 31.Qa3 f5 32.Kg2 h5 33.Qa5 Qc6 34.Ne2 Qa6 35.Qxc7 Qxa2 36.Qxe7
Qxe2 37.Qg5+ Kh8 38.Qxh5+ Kg7 39.Qxf5 Kh8 40.h5 Qc4 41.h6 Qc7
42.Qe5+ 1-0

[Event "Challengers' Cup"]
[Site "Seattle, WA"]
[Date "2014.10.26"]
[Round "5"]
[White "Arustamian Katherine  (WA)"]
[Black "Lewis-Sandy Joshua  (WA)"]
[Result "0-1"]
[WhiteElo "1398"]
[BlackElo "1301"]
[Annotator ""]
[Source ""]
[Remark "Reserve"]

1.e4 e5 2.Nf3 Nf6 3.Nc3 Nc6 4.Bb5 Bb4 5.d3 Nd4 6.Bc4 d5 7.exd5
Bg4 8.Bd2 b5 9.Bb3 Bxf3 10.gxf3 Nxb3 11.axb3 Bxc3 12.Bxc3 Qxd5
13.Qe2 Nd7 14.Rg1 O-O 15.Kd2 c5 16.Qe4 Qxe4 17.fxe4 b4 18.Bxb4
cxb4 19.Ra4 a5 20.Rga1 f5 21.Ke3 fxe4 22.dxe4 Rac8 23.Rxa5 Rxc2
24.Rd5 Nc5 25.f3 Nxb3 26.Ra7 Rxb2 27.Rxe5 h6 28.h4 Rf7 29.Re8+
Rf8 30.Re6 Nc5 31.Rg6 Rf7 32.Ra8+ Kh7 33.Rc6 Rb3+ 34.Kd4 Nd3
35.h5 Rd7+ 36.Kc4 Rc3+ 37.Kb5 Rb7+ 38.Ka6 Rxc6+ 39.Kxb7 Rc4 40.Ra1
b3 41.Rb1 Rb4+ 42.Kc6 b2 43.Kd5 Nf4+ 44.Kc5 Rb8 45.Kc4 Ne6 46.Kc3
Nf4 47.Rxb2 Rxb2 48.Kxb2 Nxh5 49.Kc3 Kg6 50.Kd3 Nf4+ 51.Ke3 Ne6
52.f4 Kf6 53.Kf3 g5 54.fxg5+ hxg5 55.Ke2 Ke5 56.Kf3 Kd4 57.Kg3
Kxe4 58.Kg4 Ke5 59.Kf3 Kf5 60.Kg3 g4 0-1

[Event "Challengers' Cup"]
[Site "Seattle, WA"]
[Date "2014.10.26"]
[Round "5"]
[White "Piper August  (WA)"]
[Black "Haining Breck  (WA)"]
[Result "1-0"]
[WhiteElo "1523"]
[BlackElo "1319"]
[Annotator ""]
[Source ""]
[Remark "Reserve"]

1.b3 Nf6 2.g3 Nc6 3.Bb2 d5 4.Bg2 e6 5.Nf3 Bd6 6.d4 Bd7 7.Nc3
a6 8.Qd2 Qe7 9.a3 h6 10.O-O O-O-O 11.b4 Ne4 12.Qd3 Nxc3 13.Bxc3
Na7 14.Rfb1 Bb5 15.Qd2 Ba4 16.Ne5 g5 17.Nd3 h5 18.Nc5 Bxc5 19.bxc5
Nb5 20.Rb4 Nxc3 21.Qxc3 Qd7 22.Rab1 Bb5 23.Bf1 Qc6 24.Qb2 Kd7
25.Bg2 b6 26.c4 Bxc4 27.Rxc4 b5 28.Rc3 g4 29.f4 h4 30.Qb3 f5
31.Rd1 Rh6 32.Rd2 Rdh8 33.e3 Rb8 34.a4 b4 35.Rcc2 a5 36.Bf1 Ke7
37.Bb5 Rxb5 38.axb5 Qxb5 39.Qd3 c6 40.Qxb5 cxb5 41.c6 Rh8 42.Rc5
hxg3 43.hxg3 Rc8 44.Rxb5 Rxc6 45.Rxa5 Rc3 46.Kf2 b3 47.Rc5 Rc4
48.Rb2 Kd6 49.Rxb3 Rxc5 50.dxc5+ Kxc5 51.Ke2 Kc6 52.Kd3 Kc5 53.Rb8
Kd6 54.Kd4 1-0